Statistics for List each Surah of the Quran

Click here to take the quiz!

General Stats

  • This quiz has been taken 412 times
  • The average score is 43 of 114

Answer Stats

#SurahTranslation% Correct
1Al-FatihaThe Opening
91%
3'Ali `ImranFamily of Imran
81%
2Al-BaqarahThe Cow
78%
87Al-'A`laThe Most High
77%
114An-NasThe Mankind
74%
4An-Nisa'The Women
73%
36Ya-SinYa Sin
70%
11HudHud
69%
14'IbrahimAbraham
69%
12YusufJoseph
68%
19MaryamMary
65%
96Al-`AlaqThe Clot
63%
20TahaTa-Ha
63%
47MuhammadMuhammad
63%
10YunusJonah
61%
31LuqmanLuqman
61%
50QafThe Letter "Qaf"
60%
71NuhNoah
60%
106QurayshQuraysh
60%
18Al-KahfThe Cave
60%
22Al-HajThe Pilgrimage
56%
112Al-'IkhlasThe Sincerity
55%
113Al-FalaqThe Daybreak
55%
55Ar-RahmanThe Beneficent
55%
72Al-JinnThe Jinn
55%
105Al-FilThe Elephant
52%
103Al-`AsrThe Declining Day
50%
38SadThe Letter "Saad"
50%
24An-NurThe Light
50%
109Al-KafirunThe Disbelievers
49%
91Ash-ShamsThe Sun
49%
5Al-Ma'idahThe Table Spread
48%
54Al-QamarThe Moon
48%
30Ar-RumThe Romans
46%
17Al-'Isra'The Night Journey
45%
16An-NahlThe Bee
45%
68Al-QalamThe Pen
44%
27An-NamlThe Ant
43%
89Al-FajrThe Dawn
43%
29Al-`AnkabutThe Spider
42%
7Al-'A`rafThe Heights
42%
110An-NasrThe Divine Support
40%
6Al-'An`amThe Cattle
40%
9At-TawbahThe Repentance
39%
95At-TinThe Fig
38%
92Al-LaylThe Night
38%
8Al-'AnfalThe Spoils of War
37%
67Al-MulkThe Sovereignty
37%
65At-TalaqThe Divorce
37%
111Al-MasadThe Palm Fiber, Flame
37%
13Ar-Ra`dThe Thunder
36%
23Al-Mu'minunThe Believers
36%
78An-Naba'The Tidings
35%
53An-NajmThe Star
35%
97Al-QadrThe Power
34%
32As-SajdahThe Prostation
34%
76Al-'InsanThe Man
33%
90Al-BaladThe City
33%
34Saba'Sheba
33%
107Al-Ma`unThe Small Kindnesses
33%
57Al-HadidThe Iron
32%
15Al-HijrThe Rocky Tract
32%
99Az-ZalzalahThe Earthquake
32%
48Al-FathThe Victory
32%
101Al-Qari`ahThe Calamity
32%
62Al-Jumu`ahThe Congregation, Friday
31%
63Al-MunafiqunThe Hypocrites
31%
80`AbasaHe Frowned
31%
108Al-KawtharThe Abundance
29%
44Ad-DukhanThe Smoke
29%
28Al-QasasThe Stories
28%
26Ash-Shu`ara'The Poets
28%
75Al-QiyamahThe Resurrection
27%
40GhafirThe Forgiver
27%
86At-TariqThe Nightcommer
26%
104Al-HumazahThe Traducer
26%
98Al-BayyinahThe Clear Proof
26%
52At-TurThe Mount
26%
25Al-FurqanThe Criterian
25%
79An-Nazi`atThose who drag forth
25%
61As-SafThe Ranks
25%
56Al-Waqi`ahThe Inevitable
23%
102At-TakathurThe Rivalry in world increase
23%
33Al-'AhzabThe Combined Forces
23%
85Al-BurujThe Mansions of the Stars
23%
39Az-ZumarThe Troops
22%
46Al-'AhqafThe Wind-Curved Sandhills
21%
35FatirOriginator
21%
66At-TahrimThe Prohibition
21%
69Al-HaqqahThe Reality
21%
73Al-MuzzammilThe Enshrouded One
20%
88Al-GhashiyahThe Overwhelming
20%
49Al-HujuratThe Rooms
20%
100Al-`AdiyatThe Courser
20%
43Az-ZukhrufThe Ornaments of Gold
19%
70Al-Ma`arijThe Ascending Stairways
19%
93Ad-DuhaaThe Morning Hours
19%
37As-SaffatThose who set the Ranks
19%
84Al-'InshiqaqThe Sundering
19%
81At-TakwirThe Overthrowing
19%
41FussilatExplained in Detail
19%
83Al-MutaffifinThe Defrauding
18%
21Al-'Anbya'The Prophets
17%
59Al-HashrThe Exile
17%
82Al-'InfitarThe Cleaving
17%
58Al-MujadilaThe Pleading Woman
16%
77Al-MursalatThe Emissaries
16%
45Al-JathiyahThe Crouching
16%
42Ash-ShuraaThe Consultation
16%
94Ash-SharhThe Relief
15%
51Adh-DhariyatThe Winnowing Winds
14%
60Al-MumtahanahShe that is to be examined
14%
74Al-MuddaththirThe Cloaked One
13%
64At-TaghabunThe Mutual Disillusion
13%

Score Distribution

Percentile by Number Answered

Percent of People with Each Score

Your Score History

You have not taken this quiz